00475 a2200133 4500001001000000005001700010008004100027245008000068100003000148700003400178700004900212773006300261999001700324ART_3061720260410162003.0260409a 10aConversión de monedas y otras implicancias derivadas del cambio de moneda1 aFronti de García, Luisa1 aGarcía Casella, Carlos Luis1 aRodríguez de Ramírez, María del Carmen0 tForo económicog- Año III, Nº 4 (mayo 1997)wREV30369 c31421d31421